|
|
|
|
| LEADER |
00000nam0a2200000 4500 |
| 001 |
296066 |
| 005 |
20231102000853.0 |
| 020 |
|
|
|a RU
|b 82-12167
|
| 035 |
|
|
|a (RuTPU)RU\TPU\book\321159
|
| 090 |
|
|
|a 296066
|
| 100 |
|
|
|a 20150527g1981 km y0rusy5003 ca
|
| 101 |
0 |
|
|a rus
|
| 102 |
|
|
|a RU
|
| 105 |
|
|
|a y z 001zy
|
| 200 |
1 |
|
|a Слово о науке. Афоризмы. Изречения. Литературные цитаты
|v Кн. 2
|f сост. Е. С. Лихтенштейн
|
| 210 |
|
|
|a Москва
|c Знание
|d 1981
|
| 215 |
|
|
|a 270 с.
|
| 306 |
|
|
|a Изд. выходит с 1976 г.
|
| 320 |
|
|
|a Алф. указ.: с. 261-270
|
| 606 |
1 |
|
|a Наука
|2 stltpush
|3 (RuTPU)RU\TPU\subj\45070
|9 64332
|
| 610 |
1 |
|
|a афоризмы
|
| 610 |
1 |
|
|a крылатые слова
|
| 610 |
1 |
|
|a изречения
|
| 610 |
1 |
|
|a цитаты
|
| 610 |
1 |
|
|a художественная литература
|
| 610 |
1 |
|
|a научная деятельность
|
| 686 |
|
|
|a Ч21
|2 rubbk
|
| 702 |
|
1 |
|a Лихтенштейн
|b Е. С.
|g Ефим Семенович
|4 220
|
| 801 |
|
0 |
|a RU
|b RuMRKP
|c 19950704
|g psbo
|
| 801 |
|
1 |
|a RU
|b 63413507
|c 20150527
|
| 801 |
|
2 |
|a RU
|b 63413507
|c 20191003
|g RCR
|
| 942 |
|
|
|c BK
|